[Event "Parnu Keres Memorial op"]
[Site "Parnu"]
[Date "2023.07.29"]
[Round "9"]
[White "Raag, Ardi"]
[Black "Seo, Jung Min"]
[Result "0-1"]
[WhiteElo "2058"]
[BlackElo "2469"]
[PlyCount "122"]
[EventDate "2023.07.24"]
[EventType "swiss"]
[EventRounds "9"]
[EventCountry "EST"]
[SourceTitle "CBM 215 Extra"]
[Source "ChessBase"]
[SourceDate "2023.09.30"]
[SourceVersion "1"]
[SourceVersionDate "2023.09.30"]
[SourceQuality "1"]

1. e4 c5 2. c3 d5 3. exd5 Qxd5 4. d4 Nf6 5. Nf3 e6 6. Be2 Nc6 7. 0-0 Be7 8. dxc5 Qxd1 9. Rxd1 Bxc5 10. b4 Be7 11. b5 Nb8 12. Ba3 b6 13. Ne5 Bb7 14. Bf3 Bxf3 15. Nxf3 a6 16. Bxe7 Kxe7 17. c4 Rc8 18. Nbd2 Nbd7 19. Nd4 Kf8 20. Nc6 Nb8 21. Nxb8 Raxb8 22. a4 axb5 23. axb5 Rc7 24. Rac1 Rbc8 25. Rc2 Ng4 26. Rdc1 Ne5 27. c5 Rxc5 28. Rxc5 bxc5 29. b6 Rb8 30. Rxc5 Nd7 31. Rb5 Nxb6 32. h4 Nd7 33. Rxb8+ Nxb8 34. g3 Nd7 35. Nc4 Ke7 36. Kg2 Nc5 37. Kf3 Nb7 38. Ne3 Nd6 39. Nc2 e5 40. Ne3 Ke6 41. Nc2 h5 42. Ne3 Nf5 43. Nc4 f6 44. Nd2 Kd5 45. Kg2 Nd6 46. Nb3 Kc4 47. Nd2+ Kd3 48. Nf3 Ne4 49. Ng1 Nc3 50. Nf3 Nd5 51. Ne1+ Kc3 52. Nf3 Nc7 53. Nh2 Kd3 54. Nf1 Nd5 55. Nh2 e4 56. Kg1 Ke2 57. g4 hxg4 58. Nxg4 Nf4 59. Ne3 Kf3 60. Nf5 g6 61. Ne7 Kg4 0-1

[Event "Riga Tech op 11th"]
[Site "Riga"]
[Date "2022.08.15"]
[Round "1"]
[White "Raag, Ardi"]
[Black "Kulaots, Kaido"]
[Result "0-1"]
[WhiteElo "2049"]
[BlackElo "2538"]
[PlyCount "82"]
[EventDate "2022.08.15"]
[EventType "swiss"]
[EventRounds "9"]
[EventCountry "LAT"]
[SourceTitle "CBM 209 Extra"]
[Source "ChessBase"]
[SourceDate "2022.09.30"]
[SourceVersion "1"]
[SourceVersionDate "2022.09.30"]
[SourceQuality "1"]

1. e4 c5 2. c3 d5 3. exd5 Qxd5 4. d4 g6 5. Be3 cxd4 6. Qxd4 Qxd4 7. Bxd4 f6 8. Nf3 Nc6 9. Bb5 Bd7 10. 0-0 a6 11. Ba4 Nxd4 12. Bxd7+ Kxd7 13. Nxd4 e5 14. Nb3 Nh6 15. N1d2 Be7 16. Nc4 Ke6 17. Rad1 Rad8 18. Nba5 b5 19. Ne3 Rxd1 20. Rxd1 Rd8 21. Rxd8 Bxd8 22. Nc6 Bb6 23. Nb4 a5 24. Nbc2 Nf7 25. c4 b4 26. Nd5 Bc5 27. b3 e4 28. h3 Ne5 29. Ne1 f5 30. Kf1 g5 31. Ke2 Ng6 32. g3 h5 33. f3 Ke5 34. fxe4 fxe4 35. Ng2 Bd6 36. h4 gxh4 37. gxh4 Bc5 38. Ke1 Kf5 39. Nde3+ Bxe3 40. Nxe3+ Kf4 41. Nd5+ Ke5 0-1